Statistics for Europe countries and capitals A-I

Click here to take the quiz!

General Stats

  • This quiz has been taken 19 times
  • The average score is 22 of 23

Answer Stats

HintAnswer% Correct
GreeceAthens
100%
GermanyBerlin
100%
BelgiumBrussels
100%
IrelandDublin
100%
FinlandHelsinki
100%
FranceParis
100%
ItalyRome
100%
AustriaVienna
100%
HungaryBudapest
95%
DenmarkCopenhagen
95%
BelarusMinsk
95%
CzechiaPrague
95%
IcelandReykjavik
95%
EstoniaTallinn
95%
CroatiaZagreb
95%
AzerbaijanBaku
89%
CyprusNicosia
89%
Bosnia and HerzegovinaSarajevo
89%
BulgariaSofia
89%
GeorgiaTbilisi
89%
AlbaniaTirana
89%
AndorraAndorra la Vella
84%
ArmeniaYerevan
84%

Score Distribution

Percentile by Number Answered

Percent of People with Each Score

Your Score History

You have not taken this quiz